<?xml version="1.0" encoding="UTF-8"?>
<record
    xmlns:xsi="http://www.w3.org/2001/XMLSchema-instance"
    xsi:schemaLocation="http://www.loc.gov/MARC21/slim http://www.loc.gov/standards/marcxml/schema/MARC21slim.xsd"
    xmlns="http://www.loc.gov/MARC21/slim">

  <leader>01140nam a22002777a 4500</leader>
  <controlfield tag="005">20170627100800.0</controlfield>
  <controlfield tag="008">170627b        cr ||||| |||| 00| 0 spa d</controlfield>
  <datafield tag="020" ind1=" " ind2=" ">
    <subfield code="a">9968380873 (O.C.)</subfield>
  </datafield>
  <datafield tag="020" ind1=" " ind2=" ">
    <subfield code="a">9968380563 (v:1)</subfield>
  </datafield>
  <datafield tag="020" ind1=" " ind2=" ">
    <subfield code="a">996838058X (v.2)</subfield>
  </datafield>
  <datafield tag="020" ind1=" " ind2=" ">
    <subfield code="a">9968380628 (v.3)</subfield>
  </datafield>
  <datafield tag="050" ind1="0" ind2="4">
    <subfield code="a">K5015.4.A6</subfield>
    <subfield code="b">J56 2002</subfield>
  </datafield>
  <datafield tag="100" ind1="1" ind2=" ">
    <subfield code="a">Jim&#xE9;nez de As&#xFA;a, Luis</subfield>
  </datafield>
  <datafield tag="245" ind1="1" ind2="0">
    <subfield code="a">Grandes temas b&#xE1;sicos del Derecho Penal</subfield>
    <subfield code="c"> / Luis Jim&#xE9;nez de As&#xFA;a, Eugene Florian</subfield>
  </datafield>
  <datafield tag="250" ind1=" " ind2=" ">
    <subfield code="a">1a. ed.</subfield>
  </datafield>
  <datafield tag="260" ind1=" " ind2=" ">
    <subfield code="a">San Jos&#xE9;, Costa Rica : </subfield>
    <subfield code="b">Jur&#xED;dica Universitaria,</subfield>
    <subfield code="c">2002</subfield>
  </datafield>
  <datafield tag="300" ind1=" " ind2=" ">
    <subfield code="a">3. v. ; </subfield>
    <subfield code="c">28 cm.</subfield>
  </datafield>
  <datafield tag="490" ind1="0" ind2=" ">
    <subfield code="a">Grandes Temas B&#xE1;sicos del Derecho Penal</subfield>
  </datafield>
  <datafield tag="490" ind1="0" ind2=" ">
    <subfield code="a">Grandes Maestros del Derecho Penal</subfield>
  </datafield>
  <datafield tag="504" ind1=" " ind2=" ">
    <subfield code="a">Incluye bibliograf&#xED;a e &#xED;ndice</subfield>
  </datafield>
  <datafield tag="505" ind1="0" ind2="0">
    <subfield code="a">Contenido: </subfield>
    <subfield code="t">V. 1 Introducci&#xF3;n al Derecho Penal</subfield>
    <subfield code="r"> / Luis Jim&#xE9;nez de As&#xFA;a.</subfield>
    <subfield code="t">V. 2 Teor&#xED;a del delito</subfield>
    <subfield code="r"> / Luis Jim&#xE9;nez de As&#xFA;a.</subfield>
    <subfield code="t">V. 3 Difamaci&#xF3;n : Estudio psicol&#xF3;gico-jur&#xED;dico</subfield>
    <subfield code="r"> / Eugene Florian ; traducci&#xF3;n de P. Herrera de Huerta.</subfield>
  </datafield>
  <datafield tag="650" ind1=" " ind2="7">
    <subfield code="2">lemb</subfield>
    <subfield code="a">Derecho Penal </subfield>
  </datafield>
  <datafield tag="700" ind1="1" ind2=" ">
    <subfield code="a">Florian, Eugene</subfield>
    <subfield code="e">autor</subfield>
  </datafield>
  <datafield tag="700" ind1="1" ind2=" ">
    <subfield code="a">Herrera de Huerta, P.</subfield>
    <subfield code="e">traductor</subfield>
  </datafield>
  <datafield tag="942" ind1=" " ind2=" ">
    <subfield code="2">lcc</subfield>
    <subfield code="c">LIB</subfield>
  </datafield>
  <datafield tag="999" ind1=" " ind2=" ">
    <subfield code="c">129468</subfield>
    <subfield code="d">129468</subfield>
  </datafield>
  <datafield tag="952" ind1=" " ind2=" ">
    <subfield code="1">0</subfield>
    <subfield code="2">lcc</subfield>
    <subfield code="4">0</subfield>
    <subfield code="7">0</subfield>
    <subfield code="a">UCIH</subfield>
    <subfield code="b">UCIH</subfield>
    <subfield code="c">GENERAL</subfield>
    <subfield code="d">2017-03-13</subfield>
    <subfield code="f">1a ed.</subfield>
    <subfield code="h">BCU000017850</subfield>
    <subfield code="k">CSA</subfield>
    <subfield code="o">K5015.4.A6 J56 2002 V.1</subfield>
    <subfield code="p">BCU000017850</subfield>
    <subfield code="r">2017-03-13 00:00:00</subfield>
    <subfield code="t">C:1 </subfield>
    <subfield code="v">1.00</subfield>
    <subfield code="y">LIB</subfield>
  </datafield>
  <datafield tag="952" ind1=" " ind2=" ">
    <subfield code="1">0</subfield>
    <subfield code="2">lcc</subfield>
    <subfield code="4">0</subfield>
    <subfield code="7">0</subfield>
    <subfield code="a">UCIH</subfield>
    <subfield code="b">UCIH</subfield>
    <subfield code="c">GENERAL</subfield>
    <subfield code="d">2017-03-13</subfield>
    <subfield code="f">1a. ed.</subfield>
    <subfield code="h">BCU000017851</subfield>
    <subfield code="k">CSA</subfield>
    <subfield code="o">K5015.4.A6 J56 2002 V.1</subfield>
    <subfield code="p">BCU000017851</subfield>
    <subfield code="r">2017-03-13 00:00:00</subfield>
    <subfield code="t">C:2 </subfield>
    <subfield code="v">1.00</subfield>
    <subfield code="y">LIB</subfield>
  </datafield>
  <datafield tag="952" ind1=" " ind2=" ">
    <subfield code="1">0</subfield>
    <subfield code="2">lcc</subfield>
    <subfield code="4">0</subfield>
    <subfield code="7">0</subfield>
    <subfield code="a">UCIH</subfield>
    <subfield code="b">UCIH</subfield>
    <subfield code="c">GENERAL</subfield>
    <subfield code="d">2017-03-13</subfield>
    <subfield code="f">1a. ed.</subfield>
    <subfield code="h">BCU000017852</subfield>
    <subfield code="k">CSA</subfield>
    <subfield code="o">K5015.4.A6 J56 2002 V.1</subfield>
    <subfield code="p">BCU000017852</subfield>
    <subfield code="r">2017-03-13 00:00:00</subfield>
    <subfield code="t">C:3  </subfield>
    <subfield code="v">1.00</subfield>
    <subfield code="y">LIB</subfield>
  </datafield>
  <datafield tag="952" ind1=" " ind2=" ">
    <subfield code="1">0</subfield>
    <subfield code="2">lcc</subfield>
    <subfield code="4">0</subfield>
    <subfield code="7">0</subfield>
    <subfield code="a">UCIH</subfield>
    <subfield code="b">UCIH</subfield>
    <subfield code="c">GENERAL</subfield>
    <subfield code="d">2017-03-13</subfield>
    <subfield code="f">1a. ed.</subfield>
    <subfield code="h">BCU000017853</subfield>
    <subfield code="k">CSA</subfield>
    <subfield code="o">K5105.4.A6 J56 2002</subfield>
    <subfield code="p">BCU000017853</subfield>
    <subfield code="r">2017-03-13 00:00:00</subfield>
    <subfield code="t">C:1 </subfield>
    <subfield code="v">1.00</subfield>
    <subfield code="y">LIB</subfield>
  </datafield>
  <datafield tag="952" ind1=" " ind2=" ">
    <subfield code="1">0</subfield>
    <subfield code="2">lcc</subfield>
    <subfield code="4">0</subfield>
    <subfield code="7">0</subfield>
    <subfield code="a">UCIH</subfield>
    <subfield code="b">UCIH</subfield>
    <subfield code="c">GENERAL</subfield>
    <subfield code="d">2017-03-13</subfield>
    <subfield code="f">1a. ed.</subfield>
    <subfield code="h">BCU000017854</subfield>
    <subfield code="k">CSA</subfield>
    <subfield code="o">K5015.4.A6 J56 2002 V.2</subfield>
    <subfield code="p">BCU000017854</subfield>
    <subfield code="r">2017-03-13 00:00:00</subfield>
    <subfield code="t">C:2 </subfield>
    <subfield code="v">1.00</subfield>
    <subfield code="y">LIB</subfield>
  </datafield>
  <datafield tag="952" ind1=" " ind2=" ">
    <subfield code="1">0</subfield>
    <subfield code="2">lcc</subfield>
    <subfield code="4">0</subfield>
    <subfield code="7">0</subfield>
    <subfield code="a">UCIH</subfield>
    <subfield code="b">UCIH</subfield>
    <subfield code="c">GENERAL</subfield>
    <subfield code="d">2017-03-13</subfield>
    <subfield code="f">1a. ed.</subfield>
    <subfield code="h">BCU000017855</subfield>
    <subfield code="k">CSA</subfield>
    <subfield code="o">K5015.4.A6 J56 2002 V.2</subfield>
    <subfield code="p">BCU000017855</subfield>
    <subfield code="r">2017-03-13 00:00:00</subfield>
    <subfield code="t">C:3 </subfield>
    <subfield code="v">1.00</subfield>
    <subfield code="y">LIB</subfield>
  </datafield>
  <datafield tag="952" ind1=" " ind2=" ">
    <subfield code="1">0</subfield>
    <subfield code="2">lcc</subfield>
    <subfield code="4">0</subfield>
    <subfield code="7">0</subfield>
    <subfield code="a">UCIH</subfield>
    <subfield code="b">UCIH</subfield>
    <subfield code="c">GENERAL</subfield>
    <subfield code="d">2017-03-13</subfield>
    <subfield code="f">1a. ed.</subfield>
    <subfield code="h">BCU000017856</subfield>
    <subfield code="k">CSA</subfield>
    <subfield code="o">K5015.4.A6 J56 2002 V.3</subfield>
    <subfield code="p">BCU000017856</subfield>
    <subfield code="r">2017-03-13 00:00:00</subfield>
    <subfield code="t">C:1 </subfield>
    <subfield code="v">1.00</subfield>
    <subfield code="y">LIB</subfield>
  </datafield>
  <datafield tag="952" ind1=" " ind2=" ">
    <subfield code="1">0</subfield>
    <subfield code="2">lcc</subfield>
    <subfield code="4">0</subfield>
    <subfield code="7">0</subfield>
    <subfield code="a">UCIH</subfield>
    <subfield code="b">UCIH</subfield>
    <subfield code="c">GENERAL</subfield>
    <subfield code="d">2017-03-13</subfield>
    <subfield code="f">1a. ed.</subfield>
    <subfield code="h">BCU000017857</subfield>
    <subfield code="k">CSA</subfield>
    <subfield code="o">K5015.4.A6 J56 2002 V.3</subfield>
    <subfield code="p">BCU000017857</subfield>
    <subfield code="r">2017-03-13 00:00:00</subfield>
    <subfield code="t">C:2 </subfield>
    <subfield code="v">1.00</subfield>
    <subfield code="y">LIB</subfield>
  </datafield>
  <datafield tag="952" ind1=" " ind2=" ">
    <subfield code="1">0</subfield>
    <subfield code="2">lcc</subfield>
    <subfield code="4">0</subfield>
    <subfield code="7">0</subfield>
    <subfield code="a">UCIH</subfield>
    <subfield code="b">UCIH</subfield>
    <subfield code="c">GENERAL</subfield>
    <subfield code="d">2017-03-13</subfield>
    <subfield code="f">1a. ed.</subfield>
    <subfield code="h">BCU000017858</subfield>
    <subfield code="k">CSA</subfield>
    <subfield code="o">K5015.4.A6 J56 2002 V.3</subfield>
    <subfield code="p">BCU000017858</subfield>
    <subfield code="r">2017-03-13 00:00:00</subfield>
    <subfield code="t">C:3 </subfield>
    <subfield code="v">1.00</subfield>
    <subfield code="y">LIB</subfield>
  </datafield>
</record>
